000 00513nam a2200181Ia 4500
005 20250326125148.0
008 250326s9999 xx 000 0 und d
037 _aTextbook
040 _aFMSL
_beng
_cFMSL
041 _aeng
_2eng
084 _aX:97y7 L6;1
_qFMSL
100 _aSuri G K
245 0 _aProblems in industrial relations
_cSuri G K; Bhargava K
260 _aNew Delhi
_bNew Delhi, Shri Ram Centre
_c1979
300 _a188p
942 _cTB
_hX:97y7 L6;1
999 _c1276812
_d1276812